000
00314pab a2200121 454500
008
180718b xxu||||| |||| 00| 0 eng d
100
_a
Bhave, G.P.
245
_a
NABARD - past role and future challenges
650
_a
Agriculture
650
_a
Rural Development NABARD
773
_a
Financial Express
909
_a
22763
999
_c
22763
_d
22763